| 000 | 00419nam a2200181Ia 4500 | ||
|---|---|---|---|
| 008 | 230524s9999 xx 000 0 und d | ||
| 020 | _a8188429864 | ||
| 082 |
_a621.3 _bPOO |
||
| 100 | _aS.Poornachandra | ||
| 245 | 0 | _aElectron Devices | |
| 250 | _a1ST | ||
| 260 |
_aCNENNAI _bScitech _c1999 |
||
| 300 | _aXII;308 | ||
| 500 | _aQuantity Number: 1 | ||
| 650 | _aElectronics | ||
| 700 | _a B.Sasikala | ||
| 942 | _cBK | ||
| 999 |
_c8982 _d8982 |
||